000
00311nam a2200133Ia 4500
008
221030s9999 xx 000 0 und d
041
_a
English
082
_a
105.23
100
_a
Romi Gupta/317
245
0
_a
GLADNI GRID STATION (520 MVA, 220/132/33MKV)
260
_a
Jammu
_c
2001
650
_a
EE
942
_c
TH
999
_c
4209
_d
4209